000 00568nam a2200181Ia 4500
008 100920s9999 xx 000 0 und d
082 _b92524
_a--- न 02
100 _aव्धिाते काका.
245 _aभार्गव.
260 _bइंद्रायणी साहित्य प्रकाशन पुणे 30.
_c2002
300 _a677
_bसाधी
365 _b400
520 _aकादंबरी.
630 _aभार्गव.
650 _aकादंबरी.
730 _aभार्गव.
942 _cBOOK
999 _c732970
_d732967